000 00606nam a2200181Ia 4500
008 090630s9999 xx 000 0 und d
082 _b12714
100 _aनाईक गुरुनाथ.
245 _aगुलाम राजा.
_cनाईक गुरुनाथ.
260 _bबांदोडकर - गोवा.
_c1985
300 _a205
600 _aनाईक गुरुनाथ.
630 _aगुलाम राजा.
655 _aकादंबरी.
700 _aनाईक गुरुनाथ.
730 _aगुलाम राजा.
942 _cBOOK
999 _c264570
_d264570